Outlook and Challenges of Nano Devices, Sensors, and MEMS (Запис № 449795)

МАРК-запис
000 -LEADER
fixed length control field 03975nam a22005775i 4500
001 - CONTROL NUMBER
control field 978-3-319-50824-5
003 - CONTROL NUMBER IDENTIFIER
control field DE-He213
005 - DATE AND TIME OF LATEST TRANSACTION
control field 20210118140512.0
007 - PHYSICAL DESCRIPTION FIXED FIELD--GENERAL INFORMATION
fixed length control field cr nn 008mamaa
008 - FIXED-LENGTH DATA ELEMENTS--GENERAL INFORMATION
fixed length control field 170222s2017 gw | s |||| 0|eng d
020 ## - INTERNATIONAL STANDARD BOOK NUMBER
International Standard Book Number 9783319508245
-- 978-3-319-50824-5
024 7# - OTHER STANDARD IDENTIFIER
Standard number or code 10.1007/978-3-319-50824-5
Source of number or code doi
050 #4 - LIBRARY OF CONGRESS CALL NUMBER
Classification number TK7888.4
072 #7 - SUBJECT CATEGORY CODE
Subject category code TJFC
Source bicssc
072 #7 - SUBJECT CATEGORY CODE
Subject category code TEC008010
Source bisacsh
072 #7 - SUBJECT CATEGORY CODE
Subject category code TJFC
Source thema
082 04 - DEWEY DECIMAL CLASSIFICATION NUMBER
Classification number 621.3815
Edition number 23
245 10 - TITLE STATEMENT
Title Outlook and Challenges of Nano Devices, Sensors, and MEMS
Medium [electronic resource] /
Statement of responsibility, etc edited by Ting Li, Ziv Liu.
250 ## - EDITION STATEMENT
Edition statement 1st ed. 2017.
264 #1 -
-- Cham :
-- Springer International Publishing :
-- Imprint: Springer,
-- 2017.
300 ## - PHYSICAL DESCRIPTION
Extent XVI, 521 p. 367 illus., 272 illus. in color.
Other physical details online resource.
336 ## -
-- text
-- txt
-- rdacontent
337 ## -
-- computer
-- c
-- rdamedia
338 ## -
-- online resource
-- cr
-- rdacarrier
347 ## -
-- text file
-- PDF
-- rda
505 0# - FORMATTED CONTENTS NOTE
Formatted contents note Introduction -- High-k dielectric for nanoscale MOS devices -- Performance, optimization, and reliability of FinFET devices -- Performance, optimization, and challenges of emerging nanowire field-effect transistors -- Graphene technology for future MEMS and sensor applications -- Nanoscale sensors for next-generation optical transceiver applications -- Nanoscale MEMS for future optical communication applications -- Nanoscale devices for biomedical applications -- Effect of nanoscale structure on reliability of nano devices and sensors -- Compact modeling of nano devices and sensors -- Three-dimensional TCAD simulation of nano semiconductor devices -- Fabrication of nano devices based on novel material -- Novel processing technology for fabricating nano devices and sensors -- Conclusions.
520 ## - SUMMARY, ETC.
Summary, etc This book provides readers with an overview of the design, fabrication, simulation, and reliability of nanoscale semiconductor devices, MEMS, and sensors, as they serve for realizing the next-generation internet of things. The authors focus on how the nanoscale structures interact with the electrical and/or optical performance, how to find optimal solutions to achieve the best outcome, how these apparatus can be designed via models and simulations, how to improve reliability, and what are the possible challenges and roadblocks moving forward.
506 ## - RESTRICTIONS ON ACCESS NOTE
Terms governing access Available to subscribing member institutions only. Доступно лише організаціям членам підписки.
506 ## - RESTRICTIONS ON ACCESS NOTE
Standardized terminology for access restriction Online access from local network of NaUOA.
506 ## - RESTRICTIONS ON ACCESS NOTE
Standardized terminology for access restriction Online access with authorization at https://link.springer.com/
506 ## - RESTRICTIONS ON ACCESS NOTE
Standardized terminology for access restriction Онлайн-доступ з локальної мережі НаУОА.
506 ## - RESTRICTIONS ON ACCESS NOTE
Standardized terminology for access restriction Онлайн доступ з авторизацією на https://link.springer.com/
650 #0 - SUBJECT ADDED ENTRY--TOPICAL TERM
Topical term or geographic name as entry element Electronic circuits.
650 #0 - SUBJECT ADDED ENTRY--TOPICAL TERM
Topical term or geographic name as entry element Nanotechnology.
650 14 - SUBJECT ADDED ENTRY--TOPICAL TERM
Topical term or geographic name as entry element Circuits and Systems.
-- http://scigraph.springernature.com/things/product-market-codes/T24068
650 24 - SUBJECT ADDED ENTRY--TOPICAL TERM
Topical term or geographic name as entry element Electronic Circuits and Devices.
-- http://scigraph.springernature.com/things/product-market-codes/P31010
650 24 - SUBJECT ADDED ENTRY--TOPICAL TERM
Topical term or geographic name as entry element Nanotechnology and Microengineering.
-- http://scigraph.springernature.com/things/product-market-codes/T18000
650 24 - SUBJECT ADDED ENTRY--TOPICAL TERM
Topical term or geographic name as entry element Nanotechnology.
-- http://scigraph.springernature.com/things/product-market-codes/Z14000
700 1# - ADDED ENTRY--PERSONAL NAME
Personal name Li, Ting.
Relator term editor.
Relator code edt
-- http://id.loc.gov/vocabulary/relators/edt
700 1# - ADDED ENTRY--PERSONAL NAME
Personal name Liu, Ziv.
Relator term editor.
Relator code edt
-- http://id.loc.gov/vocabulary/relators/edt
710 2# - ADDED ENTRY--CORPORATE NAME
Corporate name or jurisdiction name as entry element SpringerLink (Online service)
773 0# - HOST ITEM ENTRY
Title Springer eBooks
776 08 - ADDITIONAL PHYSICAL FORM ENTRY
Display text Printed edition:
International Standard Book Number 9783319508221
776 08 - ADDITIONAL PHYSICAL FORM ENTRY
Display text Printed edition:
International Standard Book Number 9783319508238
776 08 - ADDITIONAL PHYSICAL FORM ENTRY
Display text Printed edition:
International Standard Book Number 9783319845005
856 40 - ELECTRONIC LOCATION AND ACCESS
Uniform Resource Identifier <a href="https://doi.org/10.1007/978-3-319-50824-5">https://doi.org/10.1007/978-3-319-50824-5</a>
912 ## -
-- ZDB-2-ENG
942 ## - ADDED ENTRY ELEMENTS (KOHA)
Koha item type ЕКнига

Немає доступних примірників.